000 00309nam a22001217a 4500
008 160425b xxu||||| |||| 00| 0 eng d
020 _a9780323032452
020 _a0323032451
041 _aeng
080 _a618.2
245 _aFundamentals of nursing:
_cPatricia A. Castaldi; Barbara Canton;
942 _2udc
_cBK
999 _c1565
_d1565